000
00301nam a22001337a 4500
008
170529b xxu||||| |||| 00| 0 eng d
020
_a
9780136007067
041
_a
eng
080
_2
7TH
_a
94
100
_a
16
101
_a
SHH
245
_a
CIVILIZATION IN THE WEST
_c
KISHLANKSYY,M
942
_2
udc
_c
BK
999
_c
14987
_d
14987